[Event "Winnipeg TNT August op"]
[Site "Winnipeg CAN"]
[Date "2012.08.28"]
[Round "4"]
[White "Swift, Ryne"]
[Black "Oberton, Daniel"]
[Result "0-1"]
[WhiteElo "1924"]
[BlackElo "1979"]
[PlyCount "78"]
[GameId "2160767909441587"]
[EventDate "2012.08.07"]
[EventType "swiss"]
[EventRounds "4"]
[EventCountry "CAN"]
[SourceTitle "EXT 2022"]
[Source "ChessBase"]
[SourceDate "2021.10.06"]
[SourceVersion "1"]
[SourceVersionDate "2021.10.06"]
[SourceQuality "1"]

1. e4 c5 2. Nf3 d6 3. d4 cxd4 4. Nxd4 Nf6 5. Nc3 g6 6. f3 Bg7 7. Be3 Nc6 8. Qd2 O-O 9. Be2 Bd7 10. O-O Ne5 11. Rad1 Rc8 12. Rfe1 a6 13. Bh6 Qb6 14. Bxg7 Kxg7 15. f4 Nc6 16. Qe3 Nxd4 17. Qxd4 Qxb2 18. e5 Qxc3 19. exf6+ exf6 20. Qxc3 Rxc3 21. Rxd6 Be6 22. Bf3 Rb8 23. Rb1 Rxc2 24. Rxa6 bxa6 25. Rxb8 Rxa2 26. Ra8 a5 27. Bc6 Bb3 28. Rd8 a4 29. Bd5 Rd2 30. Bxb3 Rxd8 31. Bxa4 Rd4 32. Bc6 Rxf4 33. g3 Rc4 34. Bb7 Rc2 35. h4 f5 36. Kf1 Kf6 37. Bf3 h6 38. Be2 Ke5 39. Bd3 Rc3 0-1

[Event "Winnipeg TNT August op"]
[Site "Winnipeg CAN"]
[Date "2012.08.28"]
[Round "4"]
[White "Wasserman, Arie"]
[Black "Baron, Cody"]
[Result "0-1"]
[WhiteElo "1723"]
[BlackElo "1539"]
[PlyCount "96"]
[GameId "2160767909441588"]
[EventDate "2012.08.07"]
[EventType "swiss"]
[EventRounds "4"]
[EventCountry "CAN"]
[SourceTitle "EXT 2022"]
[Source "ChessBase"]
[SourceDate "2021.10.06"]
[SourceVersion "1"]
[SourceVersionDate "2021.10.06"]
[SourceQuality "1"]

1. e4 e6 2. Nf3 d5 3. exd5 exd5 4. d4 Nf6 5. Bg5 Be7 6. h3 Bf5 7. Nc3 Nbd7 8. Ne2 h6 9. Bxf6 Nxf6 10. Ng3 Bh7 11. Bd3 Bxd3 12. Qxd3 O-O 13. O-O c6 14. Nf5 Bb4 15. c3 Ba5 16. Ne5 Ne4 17. f3 Nd6 18. Rfe1 Bc7 19. f4 Ne4 20. Ng3 f5 21. Nxe4 fxe4 22. Qe3 Qf6 23. g3 Qe6 24. Kg2 Rae8 25. Qe2 Rf5 26. Qg4 Kh7 27. Qe2 g5 28. fxg5 Bxe5 29. dxe5 Rxg5 30. Rf1 Rxe5 31. Qe3 b6 32. Rf4 Rf5 33. Rxf5 Qxf5 34. Rf1 Qg6 35. Qf4 Re7 36. Qf8 Rg7 37. g4 h5 38. Rf4 hxg4 39. Rxg4 Qf7 40. Rxg7+ Qxg7+ 41. Qxg7+ Kxg7 42. Kf2 Kg6 43. Ke3 Kh5 44. b4 b5 45. Kd4 Kh4 46. Kc5 e3 47. Kxc6 e2 48. Kxb5 e1=Q 0-1

[Event "Winnipeg TNT August op"]
[Site "Winnipeg CAN"]
[Date "2012.08.28"]
[Round "4"]
[White "Wasserman, Leor"]
[Black "Towns, Barry"]
[Result "1-0"]
[WhiteElo "2031"]
[BlackElo "1693"]
[PlyCount "95"]
[GameId "2160767909441589"]
[EventDate "2012.08.07"]
[EventType "swiss"]
[EventRounds "4"]
[EventCountry "CAN"]
[SourceTitle "EXT 2022"]
[Source "ChessBase"]
[SourceDate "2021.10.06"]
[SourceVersion "1"]
[SourceVersionDate "2021.10.06"]
[SourceQuality "1"]

1. e4 e5 2. Nf3 Nc6 3. Bc4 Bc5 4. d3 Nge7 5. Ng5 d5 6. exd5 Nxd5 7. Qf3 Be6 8. Nxe6 fxe6 9. Nc3 Nd4 10. Qh5+ Kf8 11. Bb3 Nxb3 12. axb3 Bd6 13. Bg5 Qe8 14. Qf3+ Qf7 15. Qe4 Qh5 16. h4 h6 17. g4 Qf7 18. Bd2 a6 19. Nb5 Rc8 20. Nxd6 cxd6 21. c4 Nf6 22. Qe2 Ke7 23. Bb4 Rhf8 24. Qxe5 Nxg4 25. Qxd6+ Ke8 26. Qxf8+ Qxf8 27. Bxf8 Kxf8 28. Ke2 Ke7 29. Rhg1 h5 30. f3 Ne5 31. Rxg7+ Nf7 32. Rh7 Rh8 33. Rxh8 Nxh8 34. Rg1 Kf6 35. Rg5 Ng6 36. Rc5 b6 37. Rc6 Nxh4 38. Rxb6 Ng2 39. Rb8 Kg7 40. c5 Nf4+ 41. Ke3 Nd5+ 42. Kf2 h4 43. Rd8 Ne7 44. Rd6 Kf6 45. Rxa6 Kf5 46. c6 Ke5 47. c7 Kd5 48. Ra8 1-0

[Event "Winnipeg TNT February op"]
[Site "Winnipeg CAN"]
[Date "2012.02.07"]
[Round "1"]
[White "Green, Jim"]
[Black "Moncal, Nilo"]
[Result "0-1"]
[WhiteElo "1817"]
[BlackElo "2137"]
[PlyCount "90"]
[GameId "2160767909572677"]
[EventDate "2012.02.07"]
[EventType "swiss"]
[EventRounds "4"]
[EventCountry "CAN"]
[SourceTitle "EXT 2022"]
[Source "ChessBase"]
[SourceDate "2021.10.06"]
[SourceVersion "1"]
[SourceVersionDate "2021.10.06"]
[SourceQuality "1"]

1. e4 e6 2. d3 d5 3. Nd2 Nf6 4. Be2 c5 5. Ngf3 Nc6 6. c3 Be7 7. O-O O-O 8. Re1 d4 9. Nf1 e5 10. Ng3 Re8 11. Qb3 Qc7 12. Ng5 Bf8 13. Rf1 h6 14. Nf3 Be6 15. Qc2 Rac8 16. Nh4 Kh7 17. f4 dxc3 18. bxc3 c4 19. d4 exd4 20. e5+ d3 21. Bxd3+ cxd3 22. Qxd3+ Kg8 23. exf6 Na5 24. Qf3 Qxc3 25. Qxc3 Rxc3 26. Bb2 Rc2 27. Bd4 Nc6 28. Bf2 Bxa2 29. Nhf5 Bc5 30. Rfd1 g6 31. Nd6 Bxd6 32. Rxd6 a5 33. Bb6 Rb2 34. Bc5 a4 35. h4 Rb5 36. Bf2 Bb3 37. Be1 a3 38. Bd2 a2 39. Kh2 Rd5 40. Rxd5 Bxd5 41. Bc3 Re3 42. Bd2 Rd3 43. Nf1 Nd4 44. Ne3 Rxd2 45. Nxd5 Nb3 0-1

[Event "Winnipeg TNT February op"]
[Site "Winnipeg CAN"]
[Date "2012.02.07"]
[Round "1"]
[White "Kaptsan, Aron"]
[Black "Reimer, Bruce"]
[Result "1-0"]
[WhiteElo "1947"]
[BlackElo "1535"]
[PlyCount "71"]
[GameId "2160767909572678"]
[EventDate "2012.02.07"]
[EventType "swiss"]
[EventRounds "4"]
[EventCountry "CAN"]
[SourceTitle "EXT 2022"]
[Source "ChessBase"]
[SourceDate "2021.10.06"]
[SourceVersion "1"]
[SourceVersionDate "2021.10.06"]
[SourceQuality "1"]

1. d4 Nf6 2. c4 d6 3. Nc3 g6 4. e4 Bg7 5. f4 c5 6. dxc5 Qa5 7. Bd2 Qxc5 8. Bd3 O-O 9. Nf3 Bg4 10. h3 Bxf3 11. Qxf3 Qc7 12. O-O a6 13. Be3 Nc6 14. Rac1 Rac8 15. b3 e6 16. Rfd1 Nd7 17. Bb1 Rfd8 18. Kh1 Nf8 19. Qf2 Nd7 20. Na4 Qb8 21. Nb6 Nxb6 22. Bxb6 Rd7 23. Rd2 Ne7 24. Rcd1 Rc6 25. Bd4 Bh6 26. Bb2 Rc8 27. Rd3 Rcd8 28. Qd4 e5 29. fxe5 Bg7 30. Qf2 Nc6 31. exd6 Rxd6 32. Rxd6 Rxd6 33. Rf1 Rd7 34. Bxg7 Kxg7 35. b4 Nxb4 36. Qb2+ 1-0

[Event "Winnipeg TNT February op"]
[Site "Winnipeg CAN"]
[Date "2012.02.07"]
[Round "1"]
[White "Leaden, Bruce"]
[Black "Cleto, Sam"]
[Result "0-1"]
[WhiteElo "1480"]
[BlackElo "1933"]
[PlyCount "66"]
[GameId "2160767909572679"]
[EventDate "2012.02.07"]
[EventType "swiss"]
[EventRounds "4"]
[EventCountry "CAN"]
[SourceTitle "EXT 2022"]
[Source "ChessBase"]
[SourceDate "2021.10.06"]
[SourceVersion "1"]
[SourceVersionDate "2021.10.06"]
[SourceQuality "1"]

1. e4 c5 2. Nc3 Nc6 3. f4 Nd4 4. Nf3 e6 5. Bc4 a6 6. a4 Nf6 7. O-O Be7 8. Nxd4 cxd4 9. Ne2 d5 10. exd5 exd5 11. Ba2 Bg4 12. d3 O-O 13. Qe1 Bc5 14. h3 Bd7 15. b4 Ba7 16. a5 Re8 17. Qf2 Qe7 18. Ng3 Qxb4 19. Bd2 Qc5 20. Bb3 Qc8 21. Kh1 h5 22. Rfe1 Qc7 23. Rxe8+ Rxe8 24. Re1 Re3 25. Bxe3 dxe3 26. Qf3 Qxa5 27. Re2 Qa1+ 28. Kh2 Bg4 29. hxg4 Nxg4+ 30. Kh3 Qg1 31. Nf1 Qh1+ 32. Kg3 Nh6 33. Qxd5 h4+ 0-1

[Event "Winnipeg TNT February op"]
[Site "Winnipeg CAN"]
[Date "2012.02.07"]
[Round "1"]
[White "Li, Kevin"]
[Black "De Groot, Steven"]
[Result "1-0"]
[WhiteElo "2226"]
[BlackElo "1852"]
[PlyCount "106"]
[GameId "2160767909572680"]
[EventDate "2012.02.07"]
[EventType "swiss"]
[EventRounds "4"]
[EventCountry "CAN"]
[SourceTitle "EXT 2022"]
[Source "ChessBase"]
[SourceDate "2021.10.06"]
[SourceVersion "1"]
[SourceVersionDate "2021.10.06"]
[SourceQuality "1"]

1. e4 c5 2. Nf3 d6 3. d4 cxd4 4. Qxd4 a6 5. c4 Nc6 6. Qd2 Nf6 7. Nc3 g6 8. b3 Bg7 9. Bb2 O-O 10. Be2 Bd7 11. O-O Rb8 12. Rfe1 Qa5 13. Nd5 Qxd2 14. Nxd2 Nxd5 15. Bxg7 Kxg7 16. exd5 Nd4 17. Bd3 e5 18. dxe6 Bxe6 19. Rad1 Rfd8 20. Nf1 d5 21. c5 Nc6 22. a3 Na5 23. Nd2 b6 24. cxb6 Rxb6 25. b4 Nc4 26. Bxc4 dxc4 27. Ne4 Rd3 28. Rxd3 cxd3 29. Nc5 Bc4 30. Rd1 Rd6 31. f3 f5 32. Kf2 f4 33. Ke1 a5 34. Kd2 axb4 35. axb4 g5 36. Kc3 Bb5 37. Nxd3 Re6 38. Re1 Rxe1 39. Nxe1 Bf1 40. Kd4 Kf6 41. Kc5 h5 42. b5 g4 43. b6 Ba6 44. Kc6 Kg5 45. Nc2 gxf3 46. gxf3 Kh4 47. Nb4 Be2 48. b7 Bxf3+ 49. Nd5 Kh3 50. b8=Q Bxd5+ 51. Kxd5 Kxh2 52. Qxf4+ Kh3 53. Qf1+ Kh2 1-0

[Event "Winnipeg TNT February op"]
[Site "Winnipeg CAN"]
[Date "2012.02.07"]
[Round "1"]
[White "Mundwiler, Les"]
[Black "Swift, Ryne"]
[Result "1-0"]
[WhiteElo "2073"]
[BlackElo "1785"]
[PlyCount "111"]
[GameId "2160767909572681"]
[EventDate "2012.02.07"]
[EventType "swiss"]
[EventRounds "4"]
[EventCountry "CAN"]
[SourceTitle "EXT 2022"]
[Source "ChessBase"]
[SourceDate "2021.10.06"]
[SourceVersion "1"]
[SourceVersionDate "2021.10.06"]
[SourceQuality "1"]

1. d4 d5 2. c4 e6 3. Nf3 Nf6 4. a3 c6 5. e3 Be7 6. Nc3 O-O 7. Bd3 Re8 8. b3 Nbd7 9. Bb2 Qc7 10. Qc2 Nf8 11. e4 dxe4 12. Nxe4 Ng6 13. g3 Bd7 14. O-O-O Qa5 15. b4 Qc7 16. h4 a5 17. h5 Nf8 18. Nxf6+ Bxf6 19. Ne5 Bxe5 20. dxe5 axb4 21. axb4 Qb6 22. Qd2 Ra4 23. Bc3 Rea8 24. c5 Qd8 25. Bb1 b6 26. Bd4 b5 27. Bb2 Qe7 28. Rh4 Be8 29. Bc2 R4a7 30. Rg4 Rd7 31. Rd4 Rad8 32. Rd6 h6 33. Be4 Qg5 34. Qxg5 hxg5 35. Kc2 Nh7 36. g4 Nf8 37. Bf3 g6 38. Rh1 Kg7 39. Bc1 Rxd6 40. exd6 Bd7 41. Bxg5 Ra8 42. h6+ Kg8 43. Bf6 Nh7 44. Ra1 Rxa1 45. Bxa1 Ng5 46. Bg2 Nh7 47. f4 f6 48. Kd3 Kf7 49. Be4 f5 50. Bf3 fxg4 51. Bxg4 Be8 52. Bg7 Bd7 53. Ke4 Ke8 54. Ke5 Kf7 55. Bh3 g5 56. f5 1-0

[Event "Winnipeg TNT February op"]
[Site "Winnipeg CAN"]
[Date "2012.02.07"]
[Round "1"]
[White "Wasserman, Leor"]
[Black "Lipnowski, Samuel"]
[Result "1/2-1/2"]
[WhiteElo "1883"]
[BlackElo "2234"]
[PlyCount "65"]
[GameId "2160767909572682"]
[EventDate "2012.02.07"]
[EventType "swiss"]
[EventRounds "4"]
[EventCountry "CAN"]
[SourceTitle "EXT 2022"]
[Source "ChessBase"]
[SourceDate "2021.10.06"]
[SourceVersion "1"]
[SourceVersionDate "2021.10.06"]
[SourceQuality "1"]

1. e4 c5 2. Nf3 d6 3. d4 cxd4 4. Nxd4 Nf6 5. Nc3 a6 6. Bc4 e6 7. O-O b5 8. Bd3 Be7 9. a4 b4 10. Na2 d5 11. e5 Nfd7 12. Re1 Qb6 13. Nb3 Nc6 14. Bf4 g5 15. Bg3 h5 16. h3 Bb7 17. c3 Nc5 18. Nxc5 Bxc5 19. Nxb4 h4 20. Nxc6 hxg3 21. Nd4 gxf2+ 22. Kxf2 Qxb2+ 23. Kf1 Qxc3 24. Nb3 Ba7 25. Rc1 Qb4 26. Qf3 Rh4 27. g3 Rxh3 28. Rc7 Qf4 29. Qxf4 gxf4 30. Rxb7 Rxg3 31. Ke2 f3+ 32. Kd2 f2 33. Rf1 1/2-1/2

[Event "Winnipeg TNT February op"]
[Site "Winnipeg CAN"]
[Date "2012.02.07"]
[Round "1"]
[White "Wolchock, Theo"]
[Black "Kernetsky, Myron"]
[Result "0-1"]
[WhiteElo "1783"]
[BlackElo "1975"]
[PlyCount "70"]
[GameId "2160767909572683"]
[EventDate "2012.02.07"]
[EventType "swiss"]
[EventRounds "4"]
[EventCountry "CAN"]
[SourceTitle "EXT 2022"]
[Source "ChessBase"]
[SourceDate "2021.10.06"]
[SourceVersion "1"]
[SourceVersionDate "2021.10.06"]
[SourceQuality "1"]

1. c4 c5 2. g3 Nc6 3. Bg2 g6 4. Nc3 Bg7 5. e3 e6 6. Nge2 Nge7 7. O-O O-O 8. d4 d6 9. a3 Rb8 10. Rb1 a6 11. b4 cxb4 12. axb4 b5 13. d5 exd5 14. cxd5 Ne5 15. e4 Nc4 16. f4 f5 17. Kh1 Qb6 18. Qc2 fxe4 19. Bxe4 Nf5 20. Re1 Bd7 21. Bb2 Rbc8 22. Qd3 Qf2 23. Bf3 Nxb2 24. Qe4 Rfe8 25. Rf1 Qb6 26. Qc2 Nc4 27. Rfe1 Na3 28. Qb3 Nxb1 29. Qxb1 Qe3 30. Bg2 Bxc3 31. Rc1 Qxe2 32. Qb3 Nxg3+ 33. hxg3 Qh5+ 34. Kg1 Bd4+ 35. Kf1 Rxc1+ 0-1

[Event "Winnipeg TNT February op"]
[Site "Winnipeg CAN"]
[Date "2012.02.14"]
[Round "2"]
[White "Cleto, Sam"]
[Black "Mundwiler, Les"]
[Result "0-1"]
[WhiteElo "1933"]
[BlackElo "2073"]
[PlyCount "62"]
[GameId "2160767909572684"]
[EventDate "2012.02.07"]
[EventType "swiss"]
[EventRounds "4"]
[EventCountry "CAN"]
[SourceTitle "EXT 2022"]
[Source "ChessBase"]
[SourceDate "2021.10.06"]
[SourceVersion "1"]
[SourceVersionDate "2021.10.06"]
[SourceQuality "1"]

1. Nf3 Nf6 2. c4 d6 3. d4 Bg4 4. Qb3 Bxf3 5. Qxf3 c6 6. e4 Nbd7 7. Bf4 e5 8. dxe5 dxe5 9. Be3 Bb4+ 10. Nc3 Qa5 11. Bg5 Nxe4 12. Qxe4 Bxc3+ 13. Ke2 Bd4 14. Qg4 Qb6 15. Rd1 c5 16. b4 Nf6 17. Qh4 O-O-O 18. b5 e4 19. g3 h6 20. Bf4 Rde8 21. Bh3+ Kd8 22. Be3 g5 23. Rxd4+ cxd4 24. Rd1 d3+ 25. Kf1 gxh4 26. Bxb6+ axb6 27. f3 Kc7 28. fxe4 Rd8 29. Bf5 Rhe8 30. a4 Nxe4 31. a5 bxa5 0-1

[Event "Winnipeg TNT February op"]
[Site "Winnipeg CAN"]
[Date "2012.02.14"]
[Round "2"]
[White "Kernetsky, Myron"]
[Black "Li, Kevin"]
[Result "1-0"]
[WhiteElo "1975"]
[BlackElo "2226"]
[PlyCount "81"]
[GameId "2160767909572685"]
[EventDate "2012.02.07"]
[EventType "swiss"]
[EventRounds "4"]
[EventCountry "CAN"]
[SourceTitle "EXT 2022"]
[Source "ChessBase"]
[SourceDate "2021.10.06"]
[SourceVersion "1"]
[SourceVersionDate "2021.10.06"]
[SourceQuality "1"]

1. d4 Nf6 2. c4 e6 3. Nf3 d5 4. Nc3 Be7 5. Bf4 c6 6. e3 Nbd7 7. Be2 O-O 8. h3 dxc4 9. Bxc4 b5 10. Be2 Bb7 11. O-O a6 12. Ne5 Nxe5 13. Bxe5 Nd7 14. Bf4 Qb6 15. a4 Rac8 16. Qb3 Rfd8 17. Rfd1 Nf6 18. Bg3 Rd7 19. Rdc1 Qd8 20. Bf3 b4 21. Ne4 Nxe4 22. Bxe4 c5 23. Bxb7 Rxb7 24. dxc5 Rxc5 25. Rxc5 Bxc5 26. Qc4 Bf8 27. Qxa6 Qd5 28. Qa8 Rd7 29. Qxd5 Rxd5 30. a5 Bc5 31. Rc1 g6 32. a6 f5 33. Bb8 b3 34. a7 Bxa7 35. Bxa7 Rd2 36. Bd4 Rc2 37. Ra1 Kf7 38. Ra3 e5 39. Bxe5 Ke6 40. Bd4 Kd5 41. Rxb3 1-0

[Event "Winnipeg TNT February op"]
[Site "Winnipeg CAN"]
[Date "2012.02.14"]
[Round "2"]
[White "Lipnowski, Samuel"]
[Black "Baron, Cody"]
[Result "1-0"]
[WhiteElo "2234"]
[BlackElo "1418"]
[PlyCount "33"]
[GameId "2160767909572686"]
[EventDate "2012.02.07"]
[EventType "swiss"]
[EventRounds "4"]
[EventCountry "CAN"]
[SourceTitle "EXT 2022"]
[Source "ChessBase"]
[SourceDate "2021.10.06"]
[SourceVersion "1"]
[SourceVersionDate "2021.10.06"]
[SourceQuality "1"]

1. e4 e6 2. d4 d5 3. Nc3 Nf6 4. Bg5 Be7 5. e5 Nfd7 6. Bxe7 Qxe7 7. f4 c5 8. Nb5 Nb6 9. Nd6+ Kd8 10. dxc5 N6d7 11. c4 d4 12. Qxd4 Nc6 13. Qf2 f6 14. exf6 Qxf6 15. O-O-O g5 16. Nh3 g4 17. Ng5 1-0

[Event "Winnipeg TNT February op"]
[Site "Winnipeg CAN"]
[Date "2012.02.14"]
[Round "2"]
[White "Milward, David"]
[Black "Green, Jim"]
[Result "1/2-1/2"]
[WhiteElo "1731"]
[BlackElo "1817"]
[PlyCount "77"]
[GameId "2160767909572687"]
[EventDate "2012.02.07"]
[EventType "swiss"]
[EventRounds "4"]
[EventCountry "CAN"]

1. e4 d6 2. d4 Nf6 3. Nc3 c6 4. f4 Qa5 5. Bd3 Qb6 6. Nge2 Bg4 7. O-O e5 8. fxe5 dxe5 9. Na4 Qc7 10. Be3 Nbd7 11. Qd2 Bd6 12. h3 Bxe2 13. Qxe2 O-O 14. Nc5 b6 15. Nxd7 Nxd7 16. Qg4 Rfe8 17. Bc4 Re7 18. Bg5 Rae8 19. Bxe7 Rxe7 20. Rf3 exd4 21. Raf1 Ne5 22. Bxf7+ Rxf7 23. Rxf7 Nxf7 24. Qe6 Qe7 25. Qc8+ Nd8 26. Qf5 Qe6 27. Rf3 Qxf5 28. exf5 Nf7 29. Rd3 Ne5 30. Rd1 Nc4 31. b3 Ne5 32. Kf1 c5 33. Ke2 Kf7 34. a4 Kf6 35. b4 Nc4 36. bxc5 Bxc5 37. g4 Ne3 38. Rd2 h6 39. Kd3 1/2-1/2

[Event "Winnipeg TNT February op"]
[Site "Winnipeg CAN"]
[Date "2012.02.14"]
[Round "2"]
[White "Moncal, Nilo"]
[Black "Kaptsan, Aron"]
[Result "1-0"]
[WhiteElo "2137"]
[BlackElo "1947"]
[PlyCount "47"]
[GameId "2160767909572688"]
[EventDate "2012.02.07"]
[EventType "swiss"]
[EventRounds "4"]
[EventCountry "CAN"]
[SourceTitle "EXT 2022"]
[Source "ChessBase"]
[SourceDate "2021.10.06"]
[SourceVersion "1"]
[SourceVersionDate "2021.10.06"]
[SourceQuality "1"]

1. e4 e5 2. Nf3 Nc6 3. Bb5 a6 4. Ba4 Nf6 5. O-O Be7 6. Re1 b5 7. Bb3 d6 8. h3 O-O 9. a4 b4 10. d4 exd4 11. Nxd4 Na5 12. Ba2 Bb7 13. Nf5 Re8 14. Bg5 Nc6 15. Nd2 Ne5 16. Nc4 a5 17. Nxe5 dxe5 18. Qf3 Qd7 19. Rad1 Qc6 20. Bd5 Nxd5 21. exd5 Qd7 22. Nxe7+ Rxe7 23. Bxe7 Qxe7 24. Qe3 1-0

[Event "Winnipeg TNT February op"]
[Site "Winnipeg CAN"]
[Date "2012.02.14"]
[Round "2"]
[White "Reimer, Bruce"]
[Black "Wolchock, Theo"]
[Result "0-1"]
[WhiteElo "1535"]
[BlackElo "1783"]
[PlyCount "92"]
[GameId "2160767909572689"]
[EventDate "2012.02.07"]
[EventType "swiss"]
[EventRounds "4"]
[EventCountry "CAN"]
[SourceTitle "EXT 2022"]
[Source "ChessBase"]
[SourceDate "2021.10.06"]
[SourceVersion "1"]
[SourceVersionDate "2021.10.06"]
[SourceQuality "1"]

1. c4 c5 2. g3 g6 3. Bg2 Bg7 4. Nc3 Nc6 5. e4 e6 6. Nge2 Nge7 7. O-O O-O 8. d3 d6 9. Be3 a6 10. Qd2 Rb8 11. Bh6 b5 12. Bxg7 Kxg7 13. f4 Na5 14. b3 b4 15. Nd1 d5 16. Qe3 d4 17. Qf2 Bb7 18. g4 Nac6 19. Ng3 f5 20. g5 e5 21. exf5 Nxf5 22. Ne4 Qe7 23. Nb2 Ne3 24. Rfe1 Rxf4 25. Qg3 Rg4 26. Rxe3 Rxg3 27. Rxg3 Rf8 28. Na4 Nd8 29. Naxc5 Bxe4 30. Nxe4 Ne6 31. Nf6 Nxg5 32. Nd5 Qd8 33. Re1 Rf5 34. h4 Nf7 35. Rg4 Rh5 36. c5 Rxh4 37. Rxh4 Qxh4 38. Rc1 a5 39. c6 Nd6 40. c7 Nc8 41. Rf1 Qg3 42. Rc1 Qxd3 43. Bf1 Qg3+ 44. Bg2 d3 45. Rd1 e4 46. Rd2 Qg5 0-1

[Event "Winnipeg TNT February op"]
[Site "Winnipeg CAN"]
[Date "2012.02.14"]
[Round "2"]
[White "Swift, Ryne"]
[Black "Leaden, Bruce"]
[Result "1-0"]
[WhiteElo "1785"]
[BlackElo "1480"]
[PlyCount "61"]
[GameId "2160767909572690"]
[EventDate "2012.02.07"]
[EventType "swiss"]
[EventRounds "4"]
[EventCountry "CAN"]
[SourceTitle "EXT 2022"]
[Source "ChessBase"]
[SourceDate "2021.10.06"]
[SourceVersion "1"]
[SourceVersionDate "2021.10.06"]
[SourceQuality "1"]

1. e4 c5 2. Nf3 g6 3. d4 cxd4 4. Nxd4 Bg7 5. Nc3 Nc6 6. Be3 Nf6 7. f3 O-O 8. Qd2 e5 9. Nb3 d6 10. O-O-O Be6 11. Qxd6 Qxd6 12. Rxd6 Rfd8 13. Rxd8+ Rxd8 14. Be2 Bxb3 15. axb3 a6 16. Rd1 Rxd1+ 17. Kxd1 Bf8 18. Bc4 b5 19. Nd5 Nxd5 20. Bxd5 Nd4 21. c3 Ne6 22. Bxe6 fxe6 23. b4 Bd6 24. Bc5 Bxc5 25. bxc5 Kf8 26. Kc2 Ke7 27. b4 Kd7 28. Kd3 Kc7 29. Ke3 h5 30. f4 Kc6 31. h4 1-0

[Event "Winnipeg TNT February op"]
[Site "Winnipeg CAN"]
[Date "2012.02.21"]
[Round "3"]
[White "Baron, Cody"]
[Black "Cleto, Sam"]
[Result "0-1"]
[WhiteElo "1418"]
[BlackElo "1933"]
[PlyCount "62"]
[GameId "2160767909572691"]
[EventDate "2012.02.07"]
[EventType "swiss"]
[EventRounds "4"]
[EventCountry "CAN"]
[SourceTitle "EXT 2022"]
[Source "ChessBase"]
[SourceDate "2021.10.06"]
[SourceVersion "1"]
[SourceVersionDate "2021.10.06"]
[SourceQuality "1"]

1. d4 Nf6 2. c4 e6 3. Nf3 d5 4. Nc3 Bb4 5. Bg5 h6 6. Bh4 O-O 7. Qc2 c5 8. e3 cxd4 9. exd4 dxc4 10. Bxc4 Nc6 11. O-O-O Be7 12. Kb1 a6 13. Rhe1 b5 14. Bd3 Bb7 15. Qe2 Nb4 16. Bf5 Bd5 17. Bxf6 Bxf6 18. a3 Bc4 19. Qd2 a5 20. Bc2 Nxc2 21. Qxc2 a4 22. Qd2 Bb3 23. Rc1 Qb6 24. Ne4 Be7 25. Nc5 Qa7 26. Qe3 Bd5 27. Kc2 Rfb8 28. Kd1 b4 29. Ke2 bxa3 30. bxa3 Bxc5 31. dxc5 Rb3 0-1

[Event "Winnipeg TNT February op"]
[Site "Winnipeg CAN"]
[Date "2012.02.21"]
[Round "3"]
[White "De Groot, Steven"]
[Black "Green, Jim"]
[Result "1/2-1/2"]
[WhiteElo "1852"]
[BlackElo "1817"]
[PlyCount "128"]
[GameId "2160767909572692"]
[EventDate "2012.02.07"]
[EventType "swiss"]
[EventRounds "4"]
[EventCountry "CAN"]
[SourceTitle "EXT 2022"]
[Source "ChessBase"]
[SourceDate "2021.10.06"]
[SourceVersion "1"]
[SourceVersionDate "2021.10.06"]
[SourceQuality "1"]

1. c4 e5 2. Nc3 f5 3. g3 Nf6 4. Bg2 c6 5. e4 d6 6. d3 Be7 7. Nge2 a5 8. O-O O-O 9. h3 Na6 10. b3 Qe8 11. exf5 Bxf5 12. g4 Bg6 13. f4 exf4 14. Nxf4 Bf7 15. d4 Nc7 16. Re1 Qd8 17. d5 cxd5 18. cxd5 Re8 19. Bb2 Bf8 20. Qd4 Ra6 21. Ne6 Bxe6 22. dxe6 d5 23. g5 Nh5 24. Qg4 g6 25. Rad1 Raxe6 26. Rxe6 Rxe6 27. Nxd5 Rd6 28. Qc4 Ne6 29. Bf6 Nxf6 30. Nxf6+ Kf7 31. Rf1 Rd1 32. Nxh7+ Rxf1+ 33. Qxf1+ Kg7 34. Nxf8 Qb6+ 35. Qf2 Qxf2+ 36. Kxf2 Kxf8 37. Bxb7 Nxg5 38. Kg3 Ne6 39. Kg4 Ke7 40. Bd5 Nc7 41. Bc4 Kf6 42. a3 g5 43. b4 axb4 44. axb4 Na8 45. b5 Nb6 46. Bb3 Nd7 47. Kf3 Ke5 48. Bf7 Nb6 49. Kg2 Kf6 50. Bg8 Nc8 51. Bd5 Nb6 52. Bc6 Nc8 53. Kf3 Ke5 54. Ke3 Nb6 55. Kd3 Nc8 56. Kc4 Nd6+ 57. Kc5 Nxb5 58. Bxb5 Kf6 59. Bd7 Kg6 60. Bg4 Kh6 61. Kd5 Kg6 62. Ke5 Kh6 63. Kf5 Kg7 64. Kxg5 Kh7 1/2-1/2

[Event "Winnipeg TNT February op"]
[Site "Winnipeg CAN"]
[Date "2012.02.21"]
[Round "3"]
[White "Kaptsan, Aron"]
[Black "Milward, David"]
[Result "1-0"]
[WhiteElo "1947"]
[BlackElo "1731"]
[PlyCount "69"]
[GameId "2160767909572693"]
[EventDate "2012.02.07"]
[EventType "swiss"]
[EventRounds "4"]
[EventCountry "CAN"]

1. d4 Nf6 2. c4 g6 3. Nc3 Bg7 4. e4 d6 5. g3 O-O 6. Bg2 Nbd7 7. Nf3 c5 8. d5 Qa5 9. O-O Re8 10. Qd3 a6 11. Bd2 Qc7 12. Rad1 Rb8 13. h3 Nf8 14. Rfe1 Bd7 15. e5 Bf5 16. Qe2 dxe5 17. Nxe5 N6d7 18. Nxd7 Bxd7 19. Bf4 Qc8 20. Bxb8 Qxb8 21. Qe3 Bd4 22. Rxd4 cxd4 23. Qxd4 b5 24. c5 Qc8 25. Kh2 h5 26. b4 Bf5 27. Re3 Qd7 28. Qf4 Nh7 29. c6 Qc8 30. d6 exd6 31. Rxe8+ Qxe8 32. Qxd6 Qe1 33. Qd4 Ng5 34. Qe3 Qa1 35. g4 1-0

[Event "Winnipeg TNT February op"]
[Site "Winnipeg CAN"]
[Date "2012.02.21"]
[Round "3"]
[White "Leaden, Bruce"]
[Black "Reimer, Bruce"]
[Result "1-0"]
[WhiteElo "1480"]
[BlackElo "1535"]
[PlyCount "87"]
[GameId "2160767909572694"]
[EventDate "2012.02.07"]
[EventType "swiss"]
[EventRounds "4"]
[EventCountry "CAN"]
[SourceTitle "EXT 2022"]
[Source "ChessBase"]
[SourceDate "2021.10.06"]
[SourceVersion "1"]
[SourceVersionDate "2021.10.06"]
[SourceQuality "1"]

1. e4 Nf6 2. e5 Nd5 3. Nf3 d6 4. d4 Bg4 5. h3 Bxf3 6. Qxf3 c6 7. Bc4 e6 8. O-O Be7 9. Bb3 O-O 10. c4 Nb6 11. Nc3 Qc7 12. Re1 N8d7 13. Qg3 g6 14. Bg5 Bxg5 15. Qxg5 dxe5 16. dxe5 Nc5 17. Bc2 Nxc4 18. b3 Na3 19. b4 Nd7 20. Bb3 Kg7 21. Rad1 Qd8 22. Qc1 Nb5 23. Nxb5 cxb5 24. Rd6 Rc8 25. Qd2 Rc7 26. Rd1 Qb8 27. Rxd7 Rc6 28. Qg5 Qc8 29. Qe7 Rc1 30. Rxc1 Qxc1+ 31. Rd1 Qf4 32. Qf6+ Qxf6 33. exf6+ Kxf6 34. Rd7 Rb8 35. g4 a6 36. Kg2 b6 37. f4 a5 38. g5+ Kg7 39. Bxe6 Rf8 40. Rb7 axb4 41. Bb3 Kg8 42. Rxb6 Re8 43. Kf3 Re1 44. Rxb5 1-0